000 00787nas a2200265 4500
001 BR8601360
003 BR-BrBNA
005 20231205090359.0
007 ta
008 230509b bl.|||p| |||| 00| 00por d
040 _aBR-BrBNA
_bpor
_cBiblioteca Nacional de Agricultura
041 _a(Pt)
072 _aL02
100 1 _aSeiffert, N.F.
100 1 _aThiago, L.R.L.S.
245 1 _aGuandu: planta forrageira para a producao de proteina
246 1 _a[Cajanus cajan: a forage plant for producing protein]
650 _aPLANTA FORRAGEIRA
650 _aPROTEINA
650 _aGUANDU
650 _aNUTRICAO ANIMAL
773 0 _tLavoura (Brazil)
_xISSN 0023-9135
_g(Sep-Oct 1984), v. 86 p. 34-35
_wBR8601360
909 _a202311
_bLúcia
_c55
_dLúcia Elande
942 _2AGRIS
_n0
_cANA
999 _c118018
_d118018